000 00501nam a2200193 a 4500
001 1769854927605
003 YourLibrary
005 20260131162125.0
008 260131s1995##################000#0#eng##
020 _a9780198289524
082 0 4 _a332.110941
_bROB
100 1 _aRoberts, Richard,
_eauthor.
245 1 0 _aThe Bank of England :
260 _bOUP Oxford,
_c1995.
300 _a340 pages
650 0 _aBusiness & Economics.
942 _cENGLISH
040 _aYourLibrary
_beng
_cYourLibrary
999 _c609568
_d609568